Statistiques concernant Les 40 célébrités de la Rome Antique les plus influentes

Cliquez ici pour prendre le quiz!

Statistiques générales

  • Ce quiz a été pris 35 fois
  • Le résultat moyen est 21 sur 40

Statistiques - réponses

PositionDescriptionRéponse% Correct
1Également appelé Christ ou Messie par la chrétienté, cet homme est le fils de Dieu dans la religion chrétienne ainsi qu'un prophète majeur de l'Islam.Jésus de Nazareth
100%
3Cet homme, plusieurs fois consul durant la République Romaine, est le grand vainqueur de la Guerre des Gaules. Il est assassiné aux ides de mars -44 suite à un complot politique.Jules César
95%
4Cette femme, mère du personnage n°1, est une figure essentielle du christianisme orthodoxe et catholique. Elle est par ailleurs parfois nommée Sainte Vierge ou encore Notre-Dame.Marie
95%
6Cet homme est le fondateur de l'Empire Romain ainsi que son premier empereur. Avec lui débute la Pax Romana, longue période de paix au sein de l'Empire.Auguste
90%
165ème empereur romain, son règne est réputé cruel de par les nombreuses exécutions qu'il commandite, notamment celle de sa mère. Il doit subir le grand incendie de Rome de 64, et se suicide après un coup d'État réussi à son encontre.Néron
85%
36Ce saint est le premier des 4 évangélistes du christianisme.Marc
80%
13Cet empereur romain est le premier à se convertir au christianisme, délaissant le panthéon romain. Solidifiant l'Empire sous tous ses aspects, il fonde par ailleurs une monnaie stable ainsi qu'une nouvelle capitale, l'actuelle Istanbul.Constantin Ier
70%
22Les œuvres (Antiquités Judaïques et Guerre des Juifs) de cet historiographe juif constituent la source principale sur l'histoire des judéens au Ier siècle.Flavius Josèphe
70%
39Cet homme est l'un des apôtres du personnage n°1, mais aussi le dernier des 4 évangélistes et l'auteur de l'Apocalypse.Jean
70%
9Cet homme, personnage majeur du christianisme, prophète de l'Islam, annonce la venue du personnage n°1 sur Terre puis le baptise par la suite.Jean le Baptiste
70%
7Fiancé au personnage n°4, cet homme devient le père nourricier du personnage n°1.Joseph
70%
2Cet homme est l'un des disciples du personnage ci-dessus. Premier pape selon l'Église catholique, c'est aussi lui qui possède les clés du Paradis chrétien.Pierre
70%
23Troisième empereur romain, son court règne est illustré par de nombreux assassinats commandités par lui-même, un comportement très instable ainsi qu'un goût pour la démesure conduisant à de grandes dépenses de l'Empire.Caligula
65%
27Ce percepteur d'impôts est le douzième et dernier apôtre du personnage n°1. Il est par ailleurs l'auteur de l'un des 4 Évangiles.Matthieu
65%
11Ce saint, réputé pour ses nombreux miracles, est fêté le 6 décembre, distribuant à l'occasion des cadeaux à tous les enfants sages.Nicolas de Myre
65%
5Personnalité du christianisme primitif, ses épîtres sont les documents les plus anciens du christianisme, représentant l'un des fondements de la théologie chrétienne.Paul de Tarse
65%
12Cet avocat, philosophe, rhéteur et écrivain est réputé comme étant le plus grand orateur de la Rome Antique, devenant consul en -63 grâce à sa verve.Cicéron
60%
35Ce gouverneur de province romain est connu pour avoir ordonné la crucifixion du personnage n°1.Ponce Pilate
60%
21Cet homme est le dernier des "cinq bons empereurs" romains, régnant sur l'Empire de 161 à 180. Philosophe par ailleurs, il rédige la dernière grande œuvre stoïcienne, Pensées pour moi-même.Marc Aurèle
55%
26Cette femme est, dans la mythologie chrétienne, "l'apôtre des apôtres" ayant été la première à témoigner de la Résurrection du personnage n°1.Marie Madeleine
55%
18Ce poète est l'auteur des Métamorphoses et de l'Art d'aimer.Ovide
55%
15Ce poète est l'auteur des trois ouvrages représentant la quintessence de la langue et littérature latine, l'Énéide, les Bucoliques ainsi que les Géorgiques.Virgile
55%
34Cet homme, troisième des "cinq bons empereurs" romains, a donné son nom à un mur qu'il a fait construire au Nord de l'actuelle Angleterre.Hadrien
50%
10Cet empereur romain est surnommé "l'Hercule romain" de par sa participation aux combats de gladiateurs. Son règne marquera la fin de la Pax Romana. Joaquin Phoenix interprétera notamment cet empereur dans le film Gladiator.Commode
45%
25Cet homme, deuxième des "cinq bons empereurs" romains, voit sous son règne l'Empire Romain le plus étendu de l'histoire grâce à ses victoires en Arménie, Mésopotamie, Dacie et Arabie pétrée. Des termes, un forum, des marchés et une colonne portant son nom sont encore debout aujourd'hui à Rome.Trajan
45%
8Ce philosophe et théologien, l'un des 4 Pères de l'Église Chrétienne, est l'auteur des ouvrages Les Confessions, La Cité de Dieu et De la Trinité. Il a par ailleurs contribué à mettre au premier plan le concept d'amour dans le christianisme.Augustin d'Hippone
40%
37Ce politicien habile et prudent est le deuxième empereur de l'Empire, succédant à son père adoptif le personnage n°6.Tibère
40%
29Cet empereur romain met fin à la crise du IIIème siècle via campagnes militaires et réformes administratives. C'est le seul empereur romain à abdiquer volontairement, se retirant dans son palais à Split aujourd'hui inscrit à l'UNESCO.Dioclétien
35%
17Ce saint, représenté comme un chevalier terrassant un dragon, est le saint patron de la chevalerie chrétienne, de l'Angleterre, de la Géorgie, du scoutisme, de l'armée bulgare ainsi que des armuriers.Georges de Lydda
35%
20Ce philosophe et dramaturge est le tuteur du personnage n°16 avant d'être plus tard poussé au suicide par celui-ci. Il est par ailleurs l'auteur des tragédies Œdipe, Phèdre et Médée.Sénèque
35%
19Ce saint est le premier des douze apôtres du personnage n°1. Lui et son frère sont pêcheurs de profession.André
20%
14Cet astronome, astrologue, mathématicien et géographe est l'auteur de l'Almageste, traité d'astronomie, ainsi que de Géographie, synthèse des connaissances géographiques du monde gréco-romain.Claude Ptolémée
20%
30Ce saint est le tout premier martyr de la chrétienté.Étienne
20%
24Cet homme est le dernier des grands médecins créateurs de l'Antiquité gréco-romaine et est avec Hippocrate l'un des fondateurs de la médecine occidentale.Galien
20%
40Cet empereur romain est le dernier à régner à la fois sur les empires d'Orient et d'Occident. Il fait par ailleurs supprimer les Jeux Olympiques.Théodose Ier
20%
38Ce saint chrétien est considéré comme le père du monachisme. L'ordre hospitalier découlant de ses préceptes est l'un des plus importants durant le Moyen-ÂgeAntoine le Grand
15%
31Cette sainte, mégalomartyre de l'Église Orthodoxe, est décapitée par son père après avoir refusé d'abjurer sa foi et été enfermée dans une tour.Barbe d'Héliopolis
15%
28Ce poète lyrique est l'auteur de Satires, Épodes, Odes et Épitres. Il est également l'auteur de la formule Carpe Diem.Horace
15%
32Cette philosophe, astronome et mathématicienne est à la tête de l'école néoplatonicienne d'Alexandrie. Cette "martyre de la philosophie" est assassinée par des fanatiques chrétiens.Hypatie
15%
33Ce biographe, philosophe, moraliste et penseur est l'auteur de plus de 230 œuvres, celles-ci étant partagées entre les Vies parallèles et les Œuvres morales.Plutarque
15%

Distribution des résultats

Percentile par nombre de réponses

% des personnes avec chaque résultat

Votre développement - résultats

Vous n’avez pas pris ce quiz